| 000 | 00804aam a2200289 4500 | ||
|---|---|---|---|
| 005 | 20230711082412.0 | ||
| 008 | 150721b2002 xxu||||| |||| 00| 0 spa d | ||
| 041 | _aESP | ||
| 082 | _a005.133 J88c | ||
| 100 |
_aJoyanes Aguilar, Luis _982228 |
||
| 100 |
_aFernández Azuela, Matilde _982229 |
||
| 245 | _aC# Manual de programación | ||
| 260 |
_aMéxico _bMcGraw-Hill _c2002 |
||
| 300 | _a586 páginas | ||
| 650 |
_aLENGUAJES DE PROGRAMACIÓN _982230 |
||
| 650 |
_aC# _982231 |
||
| 650 |
_aPROGRAMACIÓN ORIENTADA A OBJETOS _982232 |
||
| 650 |
_aOPERADORES _982233 |
||
| 650 |
_aBUCLES _982234 |
||
| 650 |
_aCLASES Y OBJETOS _982235 |
||
| 650 |
_aHERENCIA _982236 |
||
| 650 |
_aARRAYS _982237 |
||
| 650 |
_aCADENAS _982238 |
||
| 650 |
_aARCHIVOS _982239 |
||
| 650 |
_aJAVA _982240 |
||
| 942 | _cBK | ||
| 999 |
_c2005 _d2005 |
||